| 000 | 00697nam a2200229 u 4500 | ||
|---|---|---|---|
| 005 | 20220531063607.0 | ||
| 008 | 141103s2009 es r 000 0 spa d | ||
| 020 | _a9788467535334 | ||
| 035 | _aUPN01000200570 | ||
| 049 | _aI | ||
| 050 | 4 |
_aPZ74.7 _bB7.7 |
|
| 100 | 1 |
_aBravo, Emile, _d1964- _936866 |
|
| 245 | 1 | 4 |
_aLos siete osos enanos pasan hambre / _cEmile Bravo ; tr. Xohana Bastida. |
| 260 |
_aMadrid : _bSM, _c2009. |
||
| 300 |
_a[28] p. : _bil. col. |
||
| 440 | 0 | _aVeo, veo, tebeo | |
| 534 |
_pTítulo original: _tLa faim des sept ours nains |
||
| 650 | 4 |
_aHUMORISMO GRAFICO _922721 |
|
| 650 | 7 |
_aTiras cómicas, historietas, etc. _2 _95861 |
|
| 905 | _aInfantil | ||
| 999 |
_c172671 _d172671 |
||